[Event "FIDE WCCC U12 2018"]
[Site "Santiago de Compostela"]
[Date "2018.11.11"]
[Round "7"]
[White "Amilal, Munkhdalai"]
[Black "Xu, Arthur"]
[Result "1/2-1/2"]
[WhiteElo "1864"]
[BlackElo "2034"]
[Annotator "NA RC"]
[PlyCount "148"]
[EventDate "2018.11.04"]
[EventType "swiss"]
[EventCountry "ESP"]
[SourceTitle "playchess.com"]
[Source "ChessBase"]
[SourceQuality "1"]
[TimeControl "40/5400+30:1800+30"]

{[%evp 18,135,67,31,51,27,72,35,37,19,27,20,32767,32767,28,0,8,-2,18,0,32767,32767,34,32767,32767,32767,32767,32767,14,-20,32767,32767,0,0,0,32767,32767,32767,32767,32767,-46,32767,32767,32767,32767,-25,-12,-51,-67,-70,-50,-101,-114,-145,-145,-173,-29,-40,-26,-43,-33,-41,-43,-18,-23,-40,-40,-48,-20,32767,-9,32767,32767,32767,-14,32767,0,0,0,-8,0,0,0,0,0,0,0,0,0,0,0,0,0,32767,32767,32767,32767,0,0,0,0,0,32767,32767,32767,0,32767,32767,0,0,32767,32767,32767,32767,32767,32767,0,-7,0,0]} 1. d4 {[%emt 0:00:00]} d5 {[%emt 0:00:00]} 2. Nf3 {[%emt 0:00:00]} Nc6 {[%emt 0:00:00]} 3. Bf4 {[%emt 0:00:00]} Bg4 {[%emt 0:00:00]} 4. e3 {[%emt 0:00:10]} e6 {[%emt 0:00:00]} 5. Nbd2 {[%emt 0:00:36]} Bd6 {[%emt 0:00:26]} 6. Bxd6 {[%emt 0:00:09]} Qxd6 {[%emt 0:00:09]} 7. Be2 {[%emt 0:02:35] D02: Damenbauernspiele} Nge7 {[%emt 0:01:56]} (7... f5 8. a3 Nf6 9. c4 O-O 10. O-O a5 11. Rc1 Nd7 12. g3 h6 13. cxd5 exd5 14. Nb3 Nd8 {0-1 (41) Alarcia Astiz,C (2331)-Perez Mitjans,O (2432) Madrid 2017}) 8. O-O {[%emt 0:01:15]} Bxf3 $146 {[%emt 0:01:31]} ({Vorgänger:} 8... O-O 9. c4 f5 10. cxd5 exd5 11. g3 Kh8 12. Kg2 Ng8 13. Ne1 Nf6 14. Nd3 Rae8 15. Nf3 Bxf3+ 16. Bxf3 Ne4 17. a3 Nd8 {1-0 (40) Stoyanov,P (2180)-Baumhus,R (2330) Germany 2002}) 9. Nxf3 {[%emt 0:00:53]} O-O {[%emt 0:01:10]} 10. c3 {[%emt 0:06:20]} Nd8 {[%emt 0:06:27]} 11. Qc2 {[%emt 0:01:10]} f5 {[%emt 0:05:16]} 12. Ne5 {[%emt 0:00:58]} c5 {[%emt 0:05:56]} 13. Qa4 {[%emt 0:05:20]} Ndc6 {[%emt 0:04:23]} 14. Nxc6 {[%emt 0:00:16]} Nxc6 {[%emt 0:00:24]} 15. Qa3 {[%emt 0:05:56]} b6 {[%emt 0:04:21]} 16. f4 {[%emt 0:17:57]} Rfd8 {[%emt 0:09:39]} 17. b3 {[%emt 0:04:43]} a5 {[%emt 0:04:51]} 18. Bb5 {[%emt 0:05:50]} Na7 {[%emt 0:04:06]} 19. Be2 {[%emt 0:00:09]} Qc7 {[%emt 0:01:41]} 20. Rac1 {[%emt 0:00:53]} c4 {[%emt 0:09:07]} 21. bxc4 {[%emt 0:00:05]} dxc4 {[%emt 0:00:10]} 22. Bf3 {[%emt 0:00:06]} Rab8 $1 {[%emt 0:00:57]} 23. Rce1 {[%emt 0:12:30]} Nb5 {[%emt 0:13:42]} 24. Qb2 {[%emt 0:00:11]} Nd6 {[%emt 0:00:42]} 25. e4 {[%emt 0:00:12]} b5 {[%emt 0:05:22]} 26. a3 {[%emt 0:21:35]} b4 {[%emt 0:06:06]} 27. axb4 {[%emt 0:00:04]} axb4 {[%emt 0:00:09]} 28. cxb4 {[%emt 0:02:30]} Nb5 {[%emt 0:01:11]} 29. exf5 {[%emt 0:00:56]} exf5 {[%emt 0:00:25]} 30. Re5 {[%emt 0:00:05]} c3 {[%emt 0:04:27]} 31. Qf2 {[%emt 0:06:33]} Qc4 {[%emt 0:04:22]} 32. Be2 {[%emt 0:01:22]} Qxb4 {[%emt 0:00:12]} 33. Bxb5 $1 {[%emt 0:00:12]} Rxb5 {[%emt 0:00:08]} 34. Rxb5 {[%emt 0:02:19]} Qxb5 {[%emt 0:00:05]} 35. Rc1 {[%emt 0:00:27]} ({White should play} 35. Rd1) 35... Qd3 {[%emt 0:00:41]} 36. h3 {[%emt 0:01:13]} Rxd4 {[%emt 0:01:20]} (36... h6 $17 37. Kh2 Rxd4) 37. Qe1 {[%emt 0:00:22]} Re4 {[%emt 0:02:49]} 38. Qxc3 {[%emt 0:00:14]} Qxc3 {[%emt 0:00:11]} 39. Rxc3 {[%emt 0:00:04]} Rxf4 {[%emt 0:00:07]} 40. Rc5 {[%emt 0:00:00]} g6 {[%emt 0:00:00]} 41. Rc7 {[%emt 0:00:26]} Ra4 {[%emt 0:01:21]} 42. Kf2 {[%emt 0:00:18]} Ra8 {[%emt 0:06:50]} 43. Kf3 {[%emt 0:03:44]} Rf8 {[%emt 0:03:32]} 44. g4 {[%emt 0:02:20]} Rf7 {[%emt 0:06:23]} 45. Rc8+ {[%emt 0:00:45]} Kg7 {[%emt 0:00:17]} 46. gxf5 {[%emt 0:00:05]} gxf5 {[%emt 0:00:17]} 47. Kf4 {[%emt 0:01:46]} Rf6 {[%emt 0:05:15]} 48. Kg5 {[%emt 0:00:51]} h6+ {[%emt 0:00:40]} 49. Kf4 {[%emt 0:00:10]} Kg6 {[%emt 0:02:32]} 50. Rg8+ {[%emt 0:00:48]} Kf7 {[%emt 0:06:25]} 51. Ra8 {[%emt 0:00:07]} Kg7 {[%emt 0:01:37]} 52. Rb8 {[%emt 0:00:58]} Rf7 {[%emt 0:00:20]} 53. Rb6 {[%emt 0:00:08]} Kh7 {[%emt 0:00:52]} 54. Ra6 {[%emt 0:00:17]} Kg7 {[%emt 0:00:07]} 55. Rb6 {[%emt 0:00:04]} Rf6 {[%emt 0:00:04]} 56. Rb8 {[%emt 0:00:12]} Kg6 {[%emt 0:00:06]} 57. Rg8+ {[%emt 0:02:18]} Kh5 {[%emt 0:00:40]} 58. Ra8 {[%emt 0:00:10]} Kh4 {[%emt 0:00:42]} 59. Ra3 {[%emt 0:00:28]} Rf7 {[%emt 0:00:30]} 60. Rb3 {[%emt 0:00:46]} h5 {[%emt 0:00:12]} 61. Ra3 {[%emt 0:01:16]} Rf8 {[%emt 0:00:16]} 62. Rb3 {[%emt 0:00:06]} Rg8 {[%emt 0:00:50]} 63. Kxf5 {[%emt 0:00:08]} Rg5+ {[%emt 0:00:13]} 64. Kf4 {[%emt 0:00:11]} Rg1 {[%emt 0:00:09]} 65. Ra3 {[%emt 0:00:10]} Rf1+ {[%emt 0:00:10]} 66. Rf3 {[%emt 0:00:09]} Rh1 {[%emt 0:01:12]} 67. Rc3 {[%emt 0:00:07]} Rh2 {[%emt 0:00:35]} 68. Rb3 $11 {[%emt 0:00:09]} Rxh3 {[%emt 0:00:06]} 69. Rxh3+ {[%emt 0:00:12]} Kxh3 {[%emt 0:00:05]} 70. Kf3 {[%emt 0:00:04]} h4 {[%emt 0:00:08]} 71. Kf2 {[%emt 0:00:04]} Kh2 {[%emt 0:00:05]} 72. Kf1 {[%emt 0:00:04]} Kg3 {[%emt 0:00:05]} 73. Kg1 {[%emt 0:00:04]} h3 {[%emt 0:00:04]} 74. Kh1 {[%emt 0:00:03]} h2 {[%emt 0:00:05]} 1/2-1/2

[Event "FIDE WCCC U12 2018"]
[Site "Santiago de Compostela"]
[Date "2018.11.11"]
[Round "7"]
[White "Akhmedinov, Satbek"]
[Black "Park, Evan"]
[Result "0-1"]
[WhiteElo "1856"]
[BlackElo "1997"]
[Annotator "NA RC"]
[PlyCount "134"]
[EventDate "2018.11.04"]
[EventType "swiss"]
[EventCountry "ESP"]
[SourceTitle "playchess.com"]
[Source "ChessBase"]
[SourceQuality "1"]
[TimeControl "40/5400+30:1800+30"]

1. e4 e5 {[%emt 0:00:00]} 2. Nf3 {[%emt 0:00:01]} Nc6 {[%emt 0:00:00]} 3. Bc4 Bc5 {[%emt 0:00:00]} 4. c3 {[%emt 0:00:36]} Nf6 {[%emt 0:00:00]} 5. d3 d6 6. a4 {[%emt 0:00:12]} a6 {[%emt 0:00:44]} 7. h3 {[%emt 0:00:13]} h6 {[%emt 0:00:36]} 8. b4 {[%emt 0:00:06]} Ba7 {[%emt 0:00:12]} 9. O-O {[%emt 0:00:06]} O-O {[%emt 0:00:52]} 10. Be3 {[%emt 0:07:42]} Be6 {[%emt 0:04:13]} 11. Bxa7 {[%emt 0:02:42]} Rxa7 {[%emt 0:01:50]} 12. Nbd2 {[%emt 0:06:59]} Ne7 {[%emt 0:05:38]} (12... Bxc4 $11 13. Nxc4 Ra8) 13. Qb3 {[%emt 0:11:04]} Bxc4 {[%emt 0:04:29]} 14. Nxc4 {[%emt 0:00:55]} Ng6 {[%emt 0:03:13]} 15. g3 {[%emt 0:07:20]} Re8 {[%emt 0:06:10]} 16. Ne3 {[%emt 0:01:13]} Qd7 {[%emt 0:03:32]} 17. Kh2 {[%emt 0:02:27]} c6 {[%emt 0:05:26]} 18. c4 {[%emt 0:15:54]} Raa8 {[%emt 0:02:54]} 19. Rad1 {[%emt 0:07:16]} Rad8 {[%emt 0:04:51]} 20. Ng1 {[%emt 0:04:54]} d5 {[%emt 0:03:39]} 21. f3 {[%emt 0:00:53]} Qe6 {[%emt 0:03:57]} 22. Ne2 {[%emt 0:02:59]} Rd7 {[%emt 0:04:10]} 23. exd5 {[%emt 0:00:32]} (23. c5 $11) 23... cxd5 {[%emt 0:00:14]} 24. c5 {[%emt 0:00:08]} b6 {[%emt 0:07:32]} 25. Rc1 {[%emt 0:02:34]} Rc7 {[%emt 0:06:36]} 26. Rfe1 {[%emt 0:02:42]} bxc5 {[%emt 0:03:21]} 27. bxc5 {[%emt 0:00:04] [#]} d4 $1 {[%emt 0:02:19]} 28. Qxe6 {[%emt 0:11:01]} Rxe6 {[%emt 0:00:54]} 29. Nc4 {[%emt 0:01:03]} (29. Nf5 $17) 29... Rxc5 {[%emt 0:01:27]} 30. Rb1 {[%emt 0:00:14]} Nd5 {[%emt 0:03:47]} 31. Rb8+ {[%emt 0:02:53]} Kh7 {[%emt 0:02:22]} 32. Nc1 {[%emt 0:00:13]} Rc7 {[%emt 0:06:57]} 33. Nb3 {[%emt 0:00:37] [#]} Ne3 $1 {[%emt 0:04:30]} 34. Nbd2 {[%emt 0:03:19]} Rf6 {[%emt 0:03:08]} 35. h4 {[%emt 0:04:03]} Nxc4 {[%emt 0:00:30]} 36. Nxc4 {[%emt 0:00:30]} Rxf3 37. h5 {[%emt 0:00:00]} Ne7 {[%emt 0:04:49]} 38. Nxe5 {[%emt 0:00:24]} Rf2+ {[%emt 0:00:34]} 39. Kh3 {[%emt 0:01:29]} Rcc2 {[%emt 0:02:21]} 40. Ng4 {[%emt 0:00:00]} Rf5 {[%emt 0:00:00]} 41. Nf6+ {[%emt 0:03:52]} Rxf6 {[%emt 0:03:40]} 42. Rxe7 {[%emt 0:00:07]} Rf5 {[%emt 0:01:09]} 43. Kg4 {[%emt 0:01:18]} Rcf2 {[%emt 0:02:02]} 44. Re4 {[%emt 0:04:52]} Rg5+ {[%emt 0:01:13]} 45. Kh3 {[%emt 0:00:55]} Rxh5+ {[%emt 0:00:09]} 46. Rh4 {[%emt 0:00:06]} Rxh4+ {[%emt 0:01:25]} 47. Kxh4 {[%emt 0:00:31]} f5 {[%emt 0:02:47]} 48. g4 {[%emt 0:03:04]} Rf4 {[%emt 0:00:57]} 49. Ra8 {[%emt 0:00:40]} Rxg4+ {[%emt 0:00:30]} 50. Kh3 {[%emt 0:00:05]} Rg1 {[%emt 0:02:05]} 51. Rxa6 {[%emt 0:00:27]} Rd1 {[%emt 0:00:15]} 52. Rd6 {[%emt 0:01:01]} Rxd3+ {[%emt 0:00:08]} 53. Kg2 {[%emt 0:00:04]} Ra3 {[%emt 0:01:31]} 54. Rxd4 {[%emt 0:00:09]} g5 {[%emt 0:00:12]} 55. Rd5 {[%emt 0:00:06]} Kg6 {[%emt 0:00:52]} 56. a5 {[%emt 0:00:04]} g4 {[%emt 0:00:17]} 57. Rd6+ {[%emt 0:00:15]} Kg5 {[%emt 0:00:06]} 58. a6 {[%emt 0:00:05]} h5 {[%emt 0:00:08]} 59. Rd5 {[%emt 0:00:50]} Rxa6 {[%emt 0:00:07]} 60. Rb5 {[%emt 0:00:04]} Ra2+ {[%emt 0:00:06]} 61. Kg1 {[%emt 0:00:15]} h4 {[%emt 0:00:07]} 62. Rb8 {[%emt 0:00:12]} h3 {[%emt 0:00:23]} 63. Rb3 $19 {[%emt 0:00:28]} f4 {[%emt 0:00:07]} 64. Rb1 {[%emt 0:00:18]} Kh4 {[%emt 0:00:06]} 65. Rc1 {[%emt 0:00:06]} Kg3 {[%emt 0:00:11]} 66. Kh1 {[%emt 0:00:08]} f3 {[%emt 0:00:12]} 67. Rg1+ {[%emt 0:00:09]} Rg2 {[%emt 0:00:11]} 0-1

[Event "FIDE WCCC U12 2018"]
[Site "Santiago de Compostela"]
[Date "2018.11.11"]
[Round "7"]
[White "Baranciuc, Alexandr"]
[Black "Hommer, Jeremy"]
[Result "1/2-1/2"]
[WhiteElo "1784"]
[BlackElo "1987"]
[Annotator "NA RC"]
[PlyCount "76"]
[EventDate "2018.11.04"]
[EventType "swiss"]
[EventCountry "ESP"]
[SourceTitle "playchess.com"]
[Source "ChessBase"]
[SourceQuality "1"]
[TimeControl "40/5400+30:1800+30"]

{[%evp 10,76,16,32767,10,-22,-14,-21,-13,-32,-46,-36,-12,32767,-40,-45,32767,-59,-57,32767,-32,32767,32767,-118,-16,32767,-13,32767,32767,32767,-20,-19,56,32767,32767,32767,52,32767,32767,32767,32767,32767,32767,32767,32767,32767,32767,32767,32767,32767,0,0,50,21,20,9,32767,32767,14,0,52,0,31,22,14,19,18,0,8]} 1. e4 {[%emt 0:00:03]} c6 {[%emt 0:00:00]} 2. d4 {[%emt 0:00:14]} d5 {[%emt 0:00:00]} 3. Nc3 {[%emt 0:00:44]} b5 {[%emt 0:00:00]} 4. exd5 {[%emt 0:08:31] B15: Caro-Kann: 3 Nc3: 3...g6 and 3...dxe4 4 Nxe4 Nf6 5 Nxf6+ exf6} (4. a3 dxe4 5. Nxe4 Nf6 6. Bd3 g6 7. Bg5 Bg7 8. Nf3 O-O 9. Qd2 Bf5 10. Nxf6+ exf6 11. Be3 Bxd3 12. Qxd3 Nd7 13. d5 {0-1 (41) Belyakov,B (2487)-Howell,D (2644) Doha 2016}) 4... b4 {[%emt 0:00:04]} 5. Nce2 {[%emt 0:00:08]} cxd5 {[%emt 0:00:44] LiveBook: 3 Games} 6. Nf3 {[%emt 0:03:02]} Nf6 {[%emt 0:03:42]} 7. Nf4 {[%emt 0:03:15]} e6 {[%emt 0:03:22]} 8. Bb5+ {[%emt 0:04:10]} Bd7 {[%emt 0:00:35]} 9. Bxd7+ $146 {[%emt 0:00:17]} ({Predecessor:} 9. Bd3 Nc6 10. O-O Bd6 11. Re1 O-O {1-0 (38) Mahdy,K (2332)-Hansen,K (2240) Vienna 1999}) 9... Nbxd7 {[%emt 0:00:50]} 10. O-O {[%emt 0:00:37]} Be7 {[%emt 0:04:28]} 11. Nd3 {[%emt 0:03:36]} O-O {[%emt 0:04:51]} 12. Nfe5 {[%emt 0:07:27]} Rc8 {[%emt 0:00:39]} 13. Bg5 {[%emt 0:03:49]} a5 {[%emt 0:05:36]} 14. Rc1 {[%emt 0:05:59]} Nb6 {[%emt 0:02:46]} 15. f4 {[%emt 0:05:43]} Nc4 {[%emt 0:10:02]} 16. f5 {[%emt 0:06:53]} ({White should play} 16. Bxf6 $15 gxf6 17. Nxc4 dxc4 18. Ne1) 16... Qb6 {[%emt 0:08:58]} ({Black should play} 16... exf5 $17 17. Rxf5 Nd6) 17. c3 {[%emt 0:07:42]} exf5 {[%emt 0:14:55]} 18. Bxf6 {[%emt 0:11:21]} Qxf6 {[%emt 0:05:31]} 19. Nd7 {[%emt 0:03:41]} Qh6 {[%emt 0:07:21]} 20. Nxf8 {[%emt 0:00:22]} Bd6 {[%emt 0:00:44]} (20... Rxf8 $11 21. Rf3 (21. Rxf5 bxc3 22. bxc3 Bg5 $15) 21... Bg5) 21. g3 {[%emt 0:07:19]} Ne3 {[%emt 0:07:24]} 22. Qd2 {[%emt 0:00:16]} Nxf1 {[%emt 0:00:42]} 23. Qxh6 {[%emt 0:00:04]} gxh6 {[%emt 0:00:20]} 24. Rxf1 {[%emt 0:00:14]} Bxf8 {[%emt 0:00:43]} 25. cxb4 {[%emt 0:00:09]} axb4 {[%emt 0:01:32]} 26. Rxf5 {[%emt 0:00:20]} Rc2 {[%emt 0:02:14]} 27. Rxd5 {[%emt 0:05:38]} Rd2 {[%emt 0:00:14]} 28. Nf4 {[%emt 0:00:21]} Rxb2 {[%emt 0:00:29]} 29. Ra5 {[%emt 0:00:21]} Kg7 {[%emt 0:05:38]} 30. Ra6 {[%emt 0:02:03]} Rb1+ {[%emt 0:05:16] [#]} 31. Kg2 {[%emt 0:00:21]} (31. Kf2 $1 $16) 31... Ra1 {[%emt 0:00:09]} 32. Nh5+ Kg8 {[%emt 0:00:31]} 33. Nf6+ {[%emt 0:01:27]} Kg7 {[%emt 0:00:27]} 34. Nh5+ Kg8 {[%emt 0:00:41]} 35. Nf6+ {[%emt 0:00:13]} Kh8 {[%emt 0:01:27]} 36. Ra8 {[%emt 0:00:45]} Kg7 {[%emt 0:00:19]} 37. Nh5+ Kg8 $1 {[%emt 0:00:52]} 38. Nf6+ {[%emt 0:00:12]} Kg7 $11 {[%emt 0:00:06]} 1/2-1/2

[Event "FIDE WCCC U12 2018"]
[Site "Santiago de Compostela"]
[Date "2018.11.11"]
[Round "7"]
[White "Del Prado Rodriguez, Xulio"]
[Black "Tyurin, Artem"]
[Result "1/2-1/2"]
[WhiteElo "1734"]
[BlackElo "2018"]
[Annotator "NA RC"]
[PlyCount "119"]
[EventDate "2018.11.04"]
[EventType "swiss"]
[EventCountry "ESP"]
[SourceTitle "playchess.com"]
[Source "ChessBase"]
[SourceQuality "1"]
[TimeControl "40/5400+30:1800+30"]

{[%evp 13,114,16,32767,11,20,32767,29,32767,11,20,23,17,32767,14,14,6,11,32767,16,10,32767,36,50,35,33,32767,31,15,18,32767,32767,32767,32767,35,32767,32767,62,32767,32767,41,32767,32767,32767,32767,32767,32767,32767,32767,32767,32767,32767,99,91,32767,107,107,89,0,67,32767,32767,125,119,101,179,175,149,182,238,32767,220,32767,207,315,216,118,130,108,118,113,112,65,162,167,166,102,92,0,221,216,32767,32767,32767,32767,32767,7,130,8,8,8,9,0,0]} 1. Nf3 {[%emt 0:00:00]} Nf6 {[%emt 0:00:00]} 2. c4 {[%emt 0:00:03]} g6 {[%emt 0:00:00]} 3. g3 {[%emt 0:00:12]} Bg7 {[%emt 0:00:00]} 4. Bg2 {[%emt 0:00:19]} O-O {[%emt 0:00:00]} 5. d4 {[%emt 0:02:06]} d5 {[%emt 0:00:04]} 6. cxd5 {[%emt 0:01:29]} Nxd5 {[%emt 0:02:04]} 7. Nc3 {[%emt 0:01:10]} Nb6 {[%emt 0:00:50]} 8. O-O {[%emt 0:00:39]} Nc6 {[%emt 0:00:11]} 9. e3 {[%emt 0:05:30]} Re8 {[%emt 0:00:26]} 10. b3 {[%emt 0:01:34]} e5 {[%emt 0:04:46]} 11. dxe5 {[%emt 0:05:36] D76: Fianchetto Grünfeld: Main Line with 7...Nb6} (11. Nxe5 Nxe5 12. dxe5 Bxe5 13. Bb2 Qe7 14. Qc2 c6 15. Rad1 Bg4 16. f3 Be6 17. f4 Bg7 18. e4 Rad8 19. e5 Bg4 20. Bf3 Rxd1 21. Qxd1 {0-1 (59) Giri,A (2784)-Vachier Lagrave,M (2773) London 2015 CBM 170 [Sagar Shah/CB Website]}) 11... Nxe5 {[%emt 0:04:18]} 12. Nxe5 {[%emt 0:01:56]} Qxd1 {[%emt 0:06:11]} 13. Rxd1 {[%emt 0:03:41]} Bxe5 {[%emt 0:00:41]} 14. Bb2 {[%emt 0:02:12]} c6 {[%emt 0:01:16]} 15. Rd2 {[%emt 0:06:50]} Bf5 {[%emt 0:08:27] LiveBook: 15 Games} 16. Ne2 {[%emt 0:07:45]} g5 $146 {[%emt 0:16:03]} ({Predecessor:} 16... Bxb2 17. Rxb2 a5 18. Nd4 Be4 {1-0 (65) Arkell,K (2406)-Toma,K (2274) Hull 2018}) 17. Bxe5 {[%emt 0:06:06]} Rxe5 {[%emt 0:00:42]} 18. Rad1 {[%emt 0:08:29]} Kg7 {[%emt 0:02:21]} 19. Nd4 {[%emt 0:05:40]} Bg6 {[%emt 0:01:31]} 20. Bf3 {[%emt 0:06:30]} h5 {[%emt 0:04:16]} 21. h4 {[%emt 0:04:24]} gxh4 {[%emt 0:02:13]} 22. gxh4 {[%emt 0:00:09]} a5 {[%emt 0:00:20]} 23. a4 {[%emt 0:02:31]} Kh6 {[%emt 0:07:42]} 24. Kh2 {[%emt 0:05:08]} Rae8 {[%emt 0:10:52]} 25. Ne2 {[%emt 0:03:12]} Be4 {[%emt 0:07:21]} 26. Rd6+ {[%emt 0:02:26]} Kh7 {[%emt 0:03:33]} 27. Bxe4+ {[%emt 0:01:05]} Rxe4 {[%emt 0:00:05]} 28. Nf4 {[%emt 0:00:17]} R8e5 {[%emt 0:01:38]} 29. R1d4 {[%emt 0:02:08]} Rxd4 {[%emt 0:02:10]} 30. Rxd4 {[%emt 0:00:09]} Kg7 {[%emt 0:01:41]} 31. Kg3 {[%emt 0:00:43]} Rc5 {[%emt 0:02:28]} 32. Rd8 {[%emt 0:01:44]} Nd5 {[%emt 0:03:11]} 33. Nxd5 {[%emt 0:07:08]} cxd5 $1 {[%emt 0:01:10]} 34. Rb8 {[%emt 0:00:53]} Rc7 {[%emt 0:00:27]} 35. Rd8 {[%emt 0:00:11]} Rc5 {[%emt 0:00:20]} 36. Rb8 {[%emt 0:02:29]} Rc7 {[%emt 0:00:03]} 37. Kf4 {[%emt 0:02:35]} Kf6 {[%emt 0:00:04]} 38. Rh8 {[%emt 0:00:08]} Rc3 {[%emt 0:00:39] [#]} (38... b5 $16) 39. Rh6+ $1 {[%emt 0:00:13]} Kg7 {[%emt 0:02:21] [#]} 40. Rb6 $1 {[%emt 0:00:00]} ({Don't play} 40. Rxh5 Rxb3 41. Rg5+ (41. Rxd5 Rb4+ 42. Rd4 b5 $16) 41... Kf6 $16) 40... Rc2 {[%emt 0:00:00]} 41. Kf3 {[%emt 0:02:27]} Rb2 {[%emt 0:16:17]} 42. Kg3 {[%emt 0:04:15]} Rd2 {[%emt 0:06:00]} (42... d4 $16) 43. Rxb7 {[%emt 0:01:29]} d4 {[%emt 0:00:11]} 44. exd4 {[%emt 0:00:50]} (44. Rb5 $18) 44... Rxd4 {[%emt 0:00:20]} 45. f3 {[%emt 0:03:37]} Rd3 {[%emt 0:01:45]} 46. Rb5 {[%emt 0:01:28]} Kg6 {[%emt 0:00:17]} 47. Kf4 {[%emt 0:01:20]} (47. Rg5+ Kh6 48. Rxa5 Rxb3) (47. Rxa5 Rxb3 48. Re5 f6 $16) 47... f6 {[%emt 0:04:11]} 48. Ke4 {[%emt 0:00:41]} Rc3 $1 $11 {[%emt 0:00:02] and Black stays safe.} 49. Rb6 {[%emt 0:01:27]} (49. f4 $18) 49... Rc1 {[%emt 0:01:13]} 50. Rb5 {[%emt 0:02:31]} (50. Kf4 $16) 50... Rb1 $2 {[%emt 0:00:19]} 51. Kd3 {[%emt 0:02:02]} ({But not} 51. Rxa5 $6 Rxb3 52. Rd5 Ra3 $16) 51... Rb2 {[%emt 0:01:42]} 52. Kc3 {[%emt 0:04:13]} Rh2 {[%emt 0:00:05]} 53. Rxa5 {[%emt 0:00:06]} Rxh4 {[%emt 0:00:05]} 54. Kd3 $2 {[%emt 0:01:08]} (54. Ra8 $18) 54... Rh1 {[%emt 0:00:18] [#]} ({Better is} 54... Rh3 $14) 55. Ke3 {[%emt 0:00:45]} (55. Ra8 $1 $16) 55... Rb1 {[%emt 0:00:19]} 56. Rb5 {[%emt 0:00:16]} h4 {[%emt 0:00:07]} 57. Kf4 {[%emt 0:01:32]} Rg1 $11 {[%emt 0:00:57]} 58. Rb8 {[%emt 0:02:19]} Kg7 {[%emt 0:00:34]} 59. Rb5 {[%emt 0:00:55]} Kg6 {[%emt 0:01:40]} 60. Ke3 1/2-1/2

[Event "FIDE WCCC U12 2018"]
[Site "Santiago de Compostela"]
[Date "2018.11.12"]
[Round "8"]
[White "Tugstumur, Yesuntumur"]
[Black "Han, Yichen"]
[Result "0-1"]
[WhiteElo "2331"]
[BlackElo "2061"]
[Annotator "TA"]
[PlyCount "107"]
[EventDate "2018.11.04"]
[EventType "swiss"]
[EventCountry "ESP"]
[SourceTitle "playchess.com"]
[Source "ChessBase"]
[SourceQuality "1"]

{[%evp 9,107,-38,-41,-43,-42,-71,-25,-38,-39,-81,-22,-42,100,-75,-83,-151,-109,-122,-114,-155,-128,-168,-165,-158,-114,-235,-236,-392,-389,-381,-393,-386,-377,-331,-258,-618,-603,-500,-343,-340,-325,-335,-316,-587,-583,-756,-732,-1087,-979,-941,-918,-907,-219,-202,-220,-241,-256,-307,-314,-318,-312,-327,-314,-324,-324,-360,-371,-683,-657,-724,-716,-772,-729,-768,-745,-705,-667,-652,-639,-1601,-1587,-1161,-1060,-1639,-1405,-5102,-1420,-12836,-12830,-5206,-567,-521,-562,-553,-537,-635,-557,-576,-575,-682]} 1. b3 e5 2. Bb2 Nc6 3. g3 d5 4. Bg2 Be6 (4... Nf6 5. e3 Be7 6. d3 Be6 7. Ne2 O-O 8. Nd2 a5 9. a3 Qd7 10. h3 d4 11. e4 g6 12. f4 exf4 13. gxf4 {½-½ (42) Kamsky,G (2762)-Grischuk,A (2764) Beijing 2012}) 5. d3 Qd7 {LiveBook: 5 Games} 6. Nd2 {A01: Nimzowitsch-Larsen Opening} O-O-O 7. c4 $146 ({Predecessor:} 7. e3 f6 8. h3 Bd6 9. Ne2 Nge7 10. a3 h5 11. h4 Bg4 12. c4 dxc4 13. dxc4 {1-0 (47) Goodhue,N (2009)-Shaw,R (1831) Queenstown 2009}) 7... Nge7 8. Ngf3 {Black has an edge.} f6 9. O-O Bh3 (9... g5 $17) 10. cxd5 $11 Bxg2 (10... Nxd5 $15 {stays ahead.} 11. Bxh3 Qxh3) 11. Kxg2 $2 (11. dxc6 $16 {is necessary to keep the advantage.} Qh3 12. cxb7+ Kxb7 13. Re1) 11... Nxd5 $17 12. Ne4 (12. h4 $142) 12... h5 13. h4 Be7 14. Rc1 {[#]} g5 $1 {[%mdl 512]} 15. Rh1 {[%cal Rh4g5]} (15. hxg5 h4) 15... gxh4 16. Nxh4 Rhg8 17. e3 (17. Kf1 $17 {keeps fighting.}) 17... f5 $19 18. Nc5 $2 (18. Nc3 {was called for.} Ndb4 19. Qxh5 Nxd3 20. Rcd1) 18... Bxc5 $1 19. Rxc5 f4 20. Bc1 fxg3 21. fxg3 Ndb4 ({Less strong is} 21... Rdf8 22. e4 $17) 22. Qxh5 $2 (22. e4) 22... Nxd3 23. Rc2 {Now Qf5 and White clings on.} Qd5+ 24. Qf3 e4 25. Qf5+ Kb8 26. Ba3 $2 (26. Qxd5 {is the only way for White.} Rxd5 27. Bd2) 26... Nce5 27. Re2 Rd7 28. Bb2 Nxb2 29. Rxb2 Rf7 30. Qh5 {[#]} Ng4 $2 (30... Rf3 $1 {[%mdl 512]} 31. Nxf3 exf3+ 32. Kf2 Ng4+ 33. Qxg4 Rxg4 34. Rh8+ Rg8 35. Rxg8+ Qxg8) 31. Qxd5 Nxe3+ 32. Kh3 Nxd5 33. Rd2 c6 34. Re1 e3 35. Rde2 Kc7 36. a3 Kd6 37. Rd1 Ke5 38. Rc1 $2 (38. Rc2) 38... Ke4 {Black is clearly winning.} 39. Ree1 Rf2 40. Rc4+ Kd3 41. Rd1+ {[#]} Rd2 $1 {[%cal Rd2d1]} 42. Re1 e2 43. Nf3 {White hopes to continue with Rd4+.} Rd1 44. Kh2 Rxe1 45. Nxe1+ {[%mdl 4096] Endgame KRN-KRN} Kd2 46. Nf3+ Ke3 47. Ne1 Rf8 (47... Rh8+ $142 48. Kg1 Rf8 49. Ng2+ Kd3) 48. g4 Kd2 49. Ng2 e1=Q (49... Rf2 $142 50. Rd4+ Kc3) 50. Nxe1 Kxe1 51. Kg3 Ke2 52. g5 Kd3 53. Rh4 Rg8 54. Kg4 {Precision: White = 26%, Black = 62%.} 0-1